Olympic Host Cities 1896-2032 - Statistics

General Stats
  • This quiz has been taken 161 times
  • The average score is 43 of 59
Answer Stats
Event Host City % Correct
1900 Summer Paris
99%
1924 Summer Paris
99%
2024 Summer Paris
99%
1908 Summer London
98%
1948 Summer London
98%
2012 Summer London
98%
1964 Summer Tokyo
97%
2020 Summer Tokyo
97%
1896 Summer Athens
96%
2004 Summer Athens
96%
1956 Summer Melbourne/Stockholm
96%
2000 Summer Sydney
96%
1932 Summer Los Angeles
95%
1984 Summer Los Angeles
95%
2028 Summer Los Angeles
95%
2008 Summer Beijing
94%
2022 Winter Beijing
94%
1936 Summer Berlin
94%
1980 Summer Moscow
92%
2016 Summer Rio de Janeiro
92%
1912 Summer Stockholm
92%
1996 Summer Atlanta
90%
1960 Summer Rome
90%
1992 Summer Barcelona
89%
1952 Summer Helsinki
87%
1968 Summer Mexico City
84%
1972 Summer Munich
84%
1988 Summer Seoul
82%
1952 Winter Oslo
80%
2010 Winter Vancouver
80%
1928 Summer Amsterdam
79%
1976 Summer Montreal
77%
2014 Winter Sochi
75%
2002 Winter Salt Lake City
73%
2034 Winter Salt Lake City
73%
2006 Winter Turin
71%
1904 Summer St. Louis
65%
1920 Summer Antwerp
63%
2032 Summer Brisbane
62%
1994 Winter Lillehammer
57%
2018 Winter Pyeongchang
56%
1988 Winter Calgary
55%
1964 Winter Innsbruck
55%
1976 Winter Innsbruck
55%
1932 Winter Lake Placid
55%
1980 Winter Lake Placid
55%
1984 Winter Sarajevo
55%
2026 Winter Milano/Cortina d'Ampezzo
50%
1972 Winter Sapporo
50%
1998 Winter Nagano
44%
1928 Winter St. Moritz
43%
1948 Winter St. Moritz
43%
1992 Winter Albertville
40%
1924 Winter Chamonix
40%
1960 Winter Squaw Valley
37%
1956 Winter Cortina d'Ampezzo
36%
1936 Winter Garmisch-Partenkirchen
33%
1968 Winter Grenoble
32%
2030 Winter French Alps
24%
No matching quizzes found
Score Distribution
Percent of People with Each Score
Percentile by Number Answered
Your Score History
You have not taken this quiz